000 00352nam a2200157Ia 4500
003 Ost
005 20260225132557.0
008 260225s9999||||xx |||||||||||||| ||und||
040 _cfsic
041 _afre
082 _a440
100 _aBéra ,Mathieu
_eAuteur
245 0 _aSociologie de la culture /
245 0 _cBéra ,Mathieu
942 _cكتاب
999 _c34541
_d34541